000 00672nam a2200241Ia 4500
003 OSt
005 20220928110410.0
006 a|||||r|||| 00| 0
007 ta
008 220927b |||||||| |||| 00| 0 eng d
024 _a95395
037 _cTextual
040 _aSDCL
_cSDCL
_beng
041 _2eng
_aeng
082 _aY:47.2'P, P2
100 _aShah Ghanshyam Ed.
_9419369
245 0 _aSocial movements and the state
260 _aNew Delhi
_bSage Publications
_c2002
300 _a475p
_ccm.
490 _aReadings in Indian governemt and politics no 4
942 _hY:47.2'P, P2
_cTEXL
_2CC
999 _c735428
_d735428